• 首页
  • 本馆介绍
  • 公告通知
  • 最新文献
  • 馆藏检索
  • 电子资源
  • 读者导购
  • 参考咨询
  • 我的图书馆
  • 登录
  • 详细信息显示
  • 放入我的书架
  • 预约/预借图书
  • 作者相关作品
  • 分类相关作品
  • 丛书相关作品
  • 出版社相关作品

书目信息

  • 表格格式
  • 工作单格式
  • 卡片格式
题名:
俗世奇谭
    
 
作者: 袁良才 著
分册:  
出版信息: 南昌   百花洲文艺出版社  2020.09
页数: 215页
开本: 22cm
丛书名:
单 册:
中图分类: I247.82
科图分类:
主题词: 小小说--小说集--中国--当代
电子资源:
ISBN: 978-7-5500-3313-9
000 00916nam0 2200229 450
001 0102100443
005 20210402100825.0
010    @a978-7-5500-3313-9@dCNY58.00
100    @a20190723d2020 em y0chiy0110 ea
101 0  @achi
102    @aCN@b360000
105    @ay z 000yy
106    @ar
200 1  @a俗世奇谭@Asu shi qi tan@f袁良才著
210    @a南昌@c百花洲文艺出版社@d2020.09
215    @a215页@d22cm
330    @a本书是一部微型小说选集。作者袁良才以一个个构思奇崛精巧、引人入胜的现实或历史传奇故事,采用灵活多变的表现手法和叙述风格,艺术地再现大千世界的纷纭精彩,塑造了形形色色、个性鲜明的人物形象,通过故事和人物性格命运揭示人生的真谛,较好实现了故事性、文学性、思想性的融合与统一,是微型小说创作领域中较为出色的合集作品。
606 0  @a小小说@x小说集@y中国@z当代
690    @aI247.82@v5
701  0 @a袁良才@Ayuan liang cai@4著
801  0 @aCN@bBJSZM@c20210402
905    @b1279403-7@dI247.82@e1012@f5
    
    俗世奇谭/袁良才著.-南昌:百花洲文艺出版社,2020.09
    215页;22cm
    
    
    ISBN 978-7-5500-3313-9:CNY58.00
    本书是一部微型小说选集。作者袁良才以一个个构思奇崛精巧、引人入胜的现实或历史传奇故事,采用灵活多变的表现手法和叙述风格,艺术地再现大千世界的纷纭精彩,塑造了形形色色、个性鲜明的人物形象,通过故事和人物性格命运揭示人生的真谛,较好实现了故事性、文学性、思想性的融合与统一,是微型小说创作领域中较为出色的合集作品。
●
相关链接 在E读中查询图书 在五车中查询图书 在当当中查询图书 在豆瓣中查询图书


正题名:俗世奇谭     索取号:I247.82/1012         预约/预借

序号 登录号 条形码 馆藏地/架位号 状态 备注
1 1279403   212794038   第一样本阅览室/ [索取号:I247.82/1012] 在馆    
2 1279404   212794047   教育系资料室/ [索取号:I247.82/1012] 在馆    
3 1279405   212794056   教育系资料室/ [索取号:I247.82/1012] 在馆    
4 1279406   212794065   第二借阅区/ [索取号:I247.82/1012] 在馆    
5 1279407   212794074   第二借阅区/ [索取号:I247.82/1012] 在馆    
唐山师范学院图书馆 欢迎您!
大连网信软件有限公司© 版权所有